000 01257aam a2200313 i 4500
999 _c44610
_d44610
001 18127
003 CO-MdBIC
005 20190521151249.0
008 190515t2006 -us |||| |||| 00| 0 spa d
020 _a0829744371
040 _aCO-MdFUSB
_bspa
_cCO-MdFUSB
_dCO-MdFUSBC
_erda
041 _aspa
_heng
082 _226
_a261.8
_bG885
100 1 _aGrudem, Wayne A.,
_d1948
_eautor
240 _aBussiness for the glory of God
245 1 0 _aNegocios para la Gloria de Dios :
_benseñanzas bíblicas acerca de la ética en los negocios.
_c/ Wayne Grudem ; Traducido por Guillermo Cabrera Leiva
264 1 _aMiami, Florida :
_bVida,
_c[2006]
264 4 _c© 2006
300 _a91 páginas
_c; 22 cm
336 _atexto
_btxt
_2rdacontent
337 _2rdamedia
_asin mediación
_bn
338 _2rdacarrier
_avolumen
_bnc
501 _arústico
505 _aIntroducción: Una manera descuidada de glorificar a Dios - Propiedad - Productiva - Empleo - Transacciones comerciales - Ganancia - Dinero - Desigualdad de posesiones - Competencia - Pedir prestado y prestar - Actitudes del corazón - Efecto sobre la pobreza
563 _aRústico
650 0 _919
_aVida cristiana
700 _91885
_aCabrera Leiva, Guillermo,
_eautor
942 _cBK